000 00745nam a2200253Ia 4500
003 OSt
005 20220928113447.0
006 a|||||r|||| 00| 0
007 ta
008 220927b |||||||| |||| 00| 0 hin d
020 _c600
024 _a128285
037 _b400, 21/12/2015, Kiran Book Service
_cTextual
040 _aSDCL
_cSDCL
_bhin
041 _2hin
_ahin
082 _aO152,3N7:g, Q4
100 _aSingh Maharaj
_9433204
245 0 _aSaatve-aathave dashak ke hindi upanyas
260 _aNew Delhi
_bClassical Publishing
_c2014
300 _avi;255p
_ccm.
650 _aHindi
_9391598
942 _hO152,3N7:g, Q4
_cTEXL
_2CC
999 _c749642
_d749642